MDQL
is popping MORE tags! Check the
thread
!
Quizzes
Events
Quiz Creation
Community
Videos
Private Events
Remove Ads
Sign In
Join for FREE
Feedback
Dark Mode
Quiz Categories
Sports
Geography
Music
Movies
Television
Just For Fun
Miscellaneous
History
Literature
Language
Science
Gaming
Entertainment
Religion
Holiday
For Kids
Quiz Lab
Recent
Popular Today
Quiz Kudos Today
Editor Picks
Curator Picks
Quizzes by...
Day
Popularity
Type
Ratings
Length
Year
Community
Subscriptions
Recent Discussions
Orange Saloon
Badges
Playlists
Quests
Create
Leaderboards
Showdown
Live 5
Trivia Bingo
Activity
Puzzle Library
Sporcle Events
Private Events
Virtual Trivia
Globe League
Become a Host
Pub Owners
SporcleCon
Opinionation
Our Games
Videos
Blog
Mobile Apps
Partnerships
Remove Ads and Go Orange
Feedback
Science
Computer
Plants
Astronomy
Chemistry
Elements
Math
Animal
Physics
Anatomy
Biology
Geology
General Science
Science
Computer
Plants
Astronomy
Chemistry
Elements
Math
Animal
Physics
Anatomy
Biology
Geology
General Science
Random Quiz
Search Sporcle
×
Quiz Lab
Quiz Lab
Science
Starting
Type in answers that appear in a list
Type in answers that appear in a list
Classic
Best Score? Go Orange.
Periodic Table Elements Starting With N Stats
Can you name the Periodic Table Elements Starting With N?
By
NolanG
10m
8 Questions
23 Plays
23 Plays
23 Plays
Comments
Comments
Give Quiz Kudos
Give Quiz Kudos
-
- Ratings
hide this ad
Replay
Link that replays current quiz
Next Quiz
Link to next quiz in quiz playlist
You Got
0%
They Got
Avg Score
72%
Avg Friend Score
Upgrade to see
Score Distribution
Jump to the score distribution portion of the page
Score
0/8
Timer
10:00
0
Plays Today
Hint
Answer
% Correct
No. 7
Nitrogen
95.7%
No. 28
Nickel
90%
No. 10
Neon
85%
No. 41
Niobium
82.6%
No.
Nobelium
75%
No. 60
Neodymium
65.2%
No. 93
Neptunium
65.2%
No.
Nihonium
60%
Quiz Playlist
Details
Report
Send in Message
Add To Playlist
Classic:
Type in answers that appear in a list
Last Updated: Feb 16, 2017
Quiz Scoreboard
CHALLENGE
Sign Up to Join the Scoreboard
Show All
Scores
Hide
Comments
May contain spoilers
Recently Published
Holiday 10x10 Sorting Gallery
by lukepisani3
Holiday
15m
Two Season TV Shows II
by 123Four
Television
10m
Image Sorting: Flags VI
by Barbecue
Geography
2m
More to Explore
Quiz From the Vault
Featured Blog Post
14 Easter Pick-up Lines to Find Eggs With
hide this ad
You Might Also Like...
Tags
Periodic Table
Starting
Table
Today's Top Quizzes in Science
Browse Science
hide this ad
Today's Top Quizzes in Starting
Browse Starting
Top Contributed Quizzes in Science
1
Mitosis Sporcle for Escape Room
2
Windmill: Elements
3
200 Vogels in Nederland
4
Glycolysis
5
Elements In Images
6
Periodic Table of Elements by Abbreviations
7
Square Numbers Scrambled (1-50)
8
Quick Pick: 'CI-CJ' Animals
9
4-letter Elementary Words III
10
The First 100 Digits of Pi
Explore More
Trending Topics
Harry Potter
Anime
NBA
Disney
Marvel
Crossword
Kpop
WWE
Pokémon
The Office
NFL
Country
Puzzle
Soccer
Song
hide this ad
More By:
NolanG
Quiz
Plays
Rating
Category
Featured
Created
F.C.Barcelona Players 2016-2017
362
1.67
Sports
Apr 27, 2017
Basketball Players Team Quiz
349
3.67
Sports
Jan 19, 2017
YouTubers Real Names
318
Entertainment
Jan 22, 2017
Basketball Stats
88
5.00
Sports
Jan 2, 2017
Actors Who Weren't in the Movie Stated
80
1.86
Movies
Jan 22, 2017
Go to Creator's Profile
Score Distribution
Quiz Creator Spotlight
NolanG
Follow
Send a Message
Quizzes Created
-
Created Quiz Play Count
-
More By This Creator
Popular Quizzes Today
1
Find the US States - No Outlines Minefield
2
Colored Red Africa Blitz
3
Find the 'City' Movie
4
The Countries of the World
5
5x2 Blitz: Bands
6
Find the Countries of Europe - No Outlines Minefield
7
Find the US States
8
US States
More Science Quizzes
Click the Gorilla Countries
Published
Trending Quizzes
Colored Red Europe Blitz I
Colored Red Africa Blitz II
Colored Red Europe Blitz II
Even More Two Season TV Shows
Colored Red Africa Blitz III
Recently Updated
Quick Pick: 20 Twenties
pecheneg
March Madness Men's Triple Doubles
pecheneg
How Do You Spell That?
pecheneg
Godzilla Movies
pecheneg
Grab Bag: 4-10 Letters
pecheneg
2024 March Madness Bracket
pecheneg
Famous TV Couples
Peacemaker
Champions League XIs: Real Madrid
pecheneg
Largest US Cities 1790-2010
pecheneg
Rides in Walt Disney World
pecheneg
Trending Topics
Marvel
Kpop
Harry Potter
Disney
Anime
Crossword
NBA
Pokémon
Soccer
The Office
WWE
Puzzle
Country
NFL
Song
Your Account Isn't Verified!
In order to create a playlist on Sporcle, you need to verify the email address you used during registration. Go to your
Sporcle Settings
to finish the process.
Report this User
Report this user for behavior that violates our
Community Guidelines
.
Details:
Send Report
Go to the Sporcle.com Mobile Site →
Comments